Normal view
MARC view
Entry Personal Name
001 - CONTROL NUMBER
- control field: 22291
003 - CONTROL NUMBER IDENTIFIER
- control field: OSt
005 - DATE AND TIME OF LATEST TRANSACTION
- control field: 20210212154120.0
008 - FIXED-LENGTH DATA ELEMENTS
- fixed length control field: 210212|| aca||aabn | a|a d
040 ## - CATALOGING SOURCE
- Original cataloging agency: OSt
- Transcribing agency: OSt
100 ## - HEADING--PERSONAL NAME
- Personal name: Balakrishna, Rajiv (ed.)
670 ## - SOURCE DATA FOUND
- Source citation: Work cat.: (OSt): Balakrishna, Rajiv (ed.), Towards just and equitable development :, 2012
